000 03909nam a22004337a 4500
005 20120118121034.0
010 _aB-470607-625
020 _a9781445431406
_c250.00
035 _aB-470607-625
037 _adpl
_bBlue Berry/Ven
082 _a030
245 _aIncredible facts encyclopedia:
260 _aBath BK, UK.
_bParragon
_c2011
260 _aMumbai:
_bShree Book Centre, Dist.
_c2011
270 _aQuen Street House, 4 Queen Street,
_bBath BAI IHE, UK
300 _a144p.
_c24 cm (Hb)
500 _aInclude index
942 _2ddc
_cCH
_mINC
_h030
999 _c61076
_d61076